Statistics for Countries by ChatGPT Descriptions #2

Click here to take the quiz!

General Stats

  • This quiz has been taken 32 times
  • The average score is 10 of 12

Answer Stats

HintAnswer% Correct
Situated at the crossroads of Europe and Asia, this nation boasts a vibrant blend of cultures, featuring ancient historical sites like Ephesus and a cuisine celebrated for its kebabs and baklava.Turkey
100%
This expansive North American land boasts a mosaic of cultures, breathtaking natural wonders, and a global reputation for politeness and multiculturalism.Canada
97%
Located on the Arabian Peninsula, it's renowned for its futuristic cities, opulent lifestyles, and a thriving economy fueled by both oil and tourism.United Arab Emirates
94%
It's celebrated for its lively samba rhythms, the vast Amazon rainforest, and a passionate love for soccer that runs deep within its diverse population.Brazil
87%
It's home to creatures both cute and deadly, set against a backdrop that shifts from blistering deserts to the mesmerizing depths of the world's largest coral reef.Australia
84%
Found in East Africa, it's known for its diverse wildlife, stunning savannas, and vibrant cultures, making it a prime destination for safaris and adventure.Kenya
84%
It boasts diverse geography, from the Andes to the Amazon rainforest, and a rich history of ancient civilizations like the Inca.Peru
84%
Nestled in the heart of Europe, it's famous for its Alpine landscapes, classical music heritage, and a commitment to quality of life.Austria
81%
This nation is known for its vast forests, countless lakes, and a culture deeply rooted in sauna traditions and unique forms of storytelling, often involving mythical creatures dwelling in the wilderness.Finland
81%
This vast archipelago in Southeast Asia offers stunning landscapes, diverse cultures, and a rich tapestry of traditions, reflecting its position as a global crossroads.Indonesia
81%
Located in North Africa, it features a mix of Mediterranean beauty, ancient ruins, and a vibrant culture that blends European and Arab influences.Tunisia
81%
Comprising a paradise of islands in the Atlantic Ocean, it offers crystal-clear waters, luxurious resorts, and a laid-back atmosphere.Bahamas
74%

Score Distribution

Percentile by Number Answered

Percent of People with Each Score

Your Score History

You have not taken this quiz